| Поле | Инд. | ПП | Название | Значение |
|---|---|---|---|---|
| Тип записи | a | |||
| Библиографический уровень | b | |||
| 001 | Контрольный номер | RU/IS/BASE/149086446 | ||
| 005 | Дата корректировки | 20241107173027.8 | ||
| 084 | a | Индекс другой классификации/Индекс ББК | 88.503в | |
| 097 | 00 | a | 750 | |
| 100 | 10 | a | Автор | Гуленко В. В. |
| 245 | 00 | a | Заглавие | Соционика: между наукой и искусством |
| 520 | 00 | a | Аннотация | Рассмотрены методы и принципы соционики. Обсуждаются различия психологии и соционики как смежных наук |
| 650 | 04 | a | Основная рубрика | психология |
| a | Основная рубрика | социальная психология | ||
| 653 | 00 | a | Ключевые слова | индивидуальность |
| a | Ключевые слова | коммуникации | ||
| a | Ключевые слова | личность | ||
| a | Ключевые слова | межличностные отношения | ||
| a | Ключевые слова | менталитет | ||
| a | Ключевые слова | методология | ||
| a | Ключевые слова | нация | ||
| a | Ключевые слова | социальное общение | ||
| a | Ключевые слова | соционика | ||
| a | Ключевые слова | социотипы | ||
| 773 | 00 | t | Заглавие источника | Соционика, психология и межличностные отношения: человек, коллектив, общество |
| d | Дата издания источника | 2000 | ||
| g | Прочая информация | № 4. - С. 8 - 14 | ||
| w | Контрольный № источника | RU/IS/BASE/142612643 | ||
| 901 | t | Тип документа | b |